Normal view
MARC view
- Shaheen, Mahefroze
Entry Personal Name
001 - CONTROL NUMBER
- control field: 97422
003 - CONTROL NUMBER IDENTIFIER
- control field: NUST
005 - DATE AND TIME OF LATEST TRANSACTION
- control field: 20220816115122.0
008 - FIXED-LENGTH DATA ELEMENTS
- fixed length control field: 220816|| aca||aabn | a|a d
040 ## - CATALOGING SOURCE
- Original cataloging agency: NUST
- Transcribing agency: NUST
100 ## - HEADING--PERSONAL NAME
- Personal name: Shaheen, Mahefroze
670 ## - SOURCE DATA FOUND
- Source citation: Work cat.: (NUST): Shaheen, Mahefroze , Classification for Low Intra-Class Variability and High Number of Classes /
